000 00366nam a22001577a 4500
003 SGT
020 _a978-0-323-05680-9
082 _a615.782
_bS10M
100 _aMALAMED,STANLEY.F
245 _aSEDATION : A GUIDE TO PATIENT MANAGEMENT
250 _a5TH
260 _aST.LOUIS MISSOURI
_bELSEVIER
_c2010
300 _a608
650 _aDENTISTRY
942 _2ddc
_cBK
999 _c10652
_d10652